000 005350000a22001810004500
003 MACL
005 20160513125342.0
008 160513b xxu||||| |||| 00| 0 eng d
040 _aMACL
_cMACL
041 _aHindi
082 _a891.431 SAH
100 _aसहगल, सुमन
_956689
245 _aजो कहा नहीं गया
_cसुमन सहगल
260 _bमनु प्रकाशन
_c2000
_aनई दिल्‍ली
350 _a75
650 _aPoetry
_956690
942 _cHIN
_k800/SAH/P
_2ddc
999 _c9423
_d9423